[Event "46. Villa de Mislata - Open A 2012"]
[Site "Mislata ESP"]
[Date "2012.08.17"]
[Round "7.9"]
[White "Mingo Fernandez, Matias"]
[Black "Ribera Cebolla, Marc"]
[Result "1-0"]
[WhiteElo "2216"]
[BlackElo "1865"]
[PlyCount "77"]
[EventDate "2012.08.13"]
[EventType "tourn"]
[EventRounds "9"]
[EventCountry "ESP"]
[EventCategory "2"]
[Source "lmi"]
[SourceDate "2012.08.13"]

1. d4 Nf6 2. Bf4 c5 3. e3 e6 4. c3 Be7 5. Nd2 O-O 6. Bd3 b6 7. Qf3 Nc6 8. Ne2
Bb7 9. Qh3 d6 10. Bg5 g6 11. f4 cxd4 12. exd4 Nd5 13. Bh6 Re8 14. O-O f5 15.
Nf3 Bf6 16. Bg5 a6 17. c4 Nc7 18. Rad1 b5 19. a3 Na5 20. Qh4 Bxg5 21. Nxg5 Qe7
22. cxb5 axb5 23. Nc3 Bc6 24. Rfe1 Qg7 25. Bb1 e5 26. dxe5 h6 27. Ba2+ Nc4 28.
Nh3 dxe5 29. fxe5 g5 30. Bxc4+ Kh8 31. Qd4 bxc4 32. Qxc4 Bb7 33. Rd6 Ba6 34.
Qc6 Kh7 35. Rd7 Re7 36. Rxc7 Rxc7 37. Qxa8 Bb7 38. Qd8 Rd7 39. Qf6 1-0

[Event "46. Villa de Mislata - Open A 2012"]
[Site "Mislata ESP"]
[Date "2012.08.17"]
[Round "7.10"]
[White "Mingarro Carceller, Sergi"]
[Black "Montalban Galvez, Antonio"]
[Result "1-0"]
[WhiteElo "2158"]
[BlackElo "2204"]
[PlyCount "63"]
[EventDate "2012.08.13"]
[EventType "tourn"]
[EventRounds "9"]
[EventCountry "ESP"]
[EventCategory "2"]
[Source "lmi"]
[SourceDate "2012.08.13"]

1. e4 c6 2. d4 d5 3. e5 Bf5 4. h4 h5 5. Bg5 Qb6 6. Bd3 Bxd3 7. Qxd3 Qa6 8. Qh3
e6 9. Nc3 Ne7 10. Nge2 Nd7 11. O-O Nf5 12. Rad1 Be7 13. Nf4 g6 14. b3 Bxg5 15.
hxg5 Ke7 16. a4 b6 17. Na2 c5 18. c4 dxc4 19. d5 Nf8 20. dxe6 fxe6 21. Nc3 Nd4
22. b4 Qb7 23. bxc5 bxc5 24. Qe3 Rd8 25. Ne4 Qc6 26. Rc1 Rd5 27. Nf6 Kf7 28.
Rxc4 Nd7 29. N6xd5 exd5 30. Qxd4 dxc4 31. e6+ Qxe6 32. Qxh8 1-0

[Event "46. Villa de Mislata - Open A 2012"]
[Site "Mislata ESP"]
[Date "2012.08.18"]
[Round "8.1"]
[White "Sanchez Saez, Francisco"]
[Black "Serna Lara, Sergio"]
[Result "1/2-1/2"]
[WhiteElo "2289"]
[BlackElo "2234"]
[PlyCount "98"]
[EventDate "2012.08.13"]
[EventType "tourn"]
[EventRounds "9"]
[EventCountry "ESP"]
[EventCategory "2"]
[Source "lmi"]
[SourceDate "2012.08.13"]

1. e4 e6 2. b3 d5 3. Bb2 Nf6 4. e5 Nfd7 5. Qg4 c5 6. f4 Nc6 7. Nf3 Nb6 8. Na3
a6 9. Bd3 Nb4 10. O-O Nxd3 11. cxd3 g6 12. Rac1 Bd7 13. Kh1 Nc8 14. d4 Qb6 15.
dxc5 Bxc5 16. d4 Be7 17. Nc2 Na7 18. Ne3 Bb5 19. Rf2 Bd3 20. Qh3 Nc6 21. Rd2
Be4 22. Ng5 Bxg5 23. fxg5 Qa5 24. Rf2 Bf5 25. Nxf5 gxf5 26. Rfc2 Qd8 27. Qh6
Qe7 28. g6 fxg6 29. Ba3 Qd7 30. Bd6 Rc8 31. b4 b5 32. h3 Rg8 33. Kh2 Kf7 34.
Qh4 g5 35. Qxh7+ Rg7 36. Qh5+ Kg8 37. Qe2 Qb7 38. Rc5 Na7 39. Qh5 Rxc5 40. Qe8+
Kh7 41. Qh5+ Kg8 42. Rxc5 Qf7 43. Qe2 g4 44. Rc7 Qg6 45. Rxg7+ Qxg7 46. h4 Nc6
47. g3 Qh6 48. Qc2 Qe3 49. Qxc6 Qf2+ 1/2-1/2

[Event "46. Villa de Mislata - Open A 2012"]
[Site "Mislata ESP"]
[Date "2012.08.18"]
[Round "8.2"]
[White "Picazo Lopez, Juan Antonio"]
[Black "Sos Andreu, Eric"]
[Result "1-0"]
[WhiteElo "2159"]
[BlackElo "2165"]
[PlyCount "77"]
[EventDate "2012.08.13"]
[EventType "tourn"]
[EventRounds "9"]
[EventCountry "ESP"]
[EventCategory "2"]
[Source "lmi"]
[SourceDate "2012.08.13"]

1. d4 Nf6 2. c4 g6 3. Nc3 d5 4. cxd5 Nxd5 5. e4 Nxc3 6. bxc3 Bg7 7. Bb5+ c6 8.
Ba4 O-O 9. Ne2 b6 10. O-O Bb7 11. Be3 Qc7 12. Rc1 Rd8 13. Qd2 c5 14. f3 Nc6 15.
d5 e6 16. c4 exd5 17. Bxc6 Bxc6 18. cxd5 Bb5 19. Rfd1 Bxe2 20. Qxe2 f5 21. Bg5
Rd7 22. exf5 Qe5 23. Qc4 Qxf5 24. d6+ Qf7 25. Qe4 Rc8 26. Be7 h5 27. Qa4 Qf5
28. Rd5 Qe6 29. Qc4 b5 30. Qe4 Qxe4 31. fxe4 Kf7 32. Rf1+ Ke6 33. Rg5 Bd4+ 34.
Kh1 Rg8 35. e5 Kd5 36. Rf6 Bxe5 37. Rf1 Rxe7 38. dxe7 Kd6 39. Rxe5 1-0

[Event "46. Villa de Mislata - Open A 2012"]
[Site "Mislata ESP"]
[Date "2012.08.18"]
[Round "8.3"]
[White "Garcia Trobat, Francisco"]
[Black "Kovacevic, Slobodan"]
[Result "0-1"]
[WhiteElo "2257"]
[BlackElo "2300"]
[PlyCount "82"]
[EventDate "2012.08.13"]
[EventType "tourn"]
[EventRounds "9"]
[EventCountry "ESP"]
[EventCategory "2"]
[Source "lmi"]
[SourceDate "2012.08.13"]

1. e4 c5 2. Nf3 e6 3. c3 Nc6 4. d4 d5 5. exd5 exd5 6. Bb5 Bd6 7. dxc5 Bxc5 8.
O-O Nge7 9. Nbd2 O-O 10. Nb3 Bb6 11. Re1 Nf5 12. Bd3 h6 13. Bc2 Be6 14. Qd3 Qf6
15. g4 Qg6 16. h3 Ng3 17. Qxg6 fxg6 18. Nfd4 Nxd4 19. Nxd4 Bxd4 20. cxd4 Ne4
21. Be3 g5 22. Bd1 Kf7 23. f3 Nd6 24. Bf2 Rac8 25. Bg3 Nc4 26. Re2 Bd7 27. b3
Na5 28. Be1 Nc6 29. Bc3 Nd8 30. Bb4 Re8 31. Rxe8 Bxe8 32. Bd2 Ne6 33. Be3 Bb5
34. Kf2 Rc6 35. Ke1 Rc3 36. Bd2 Rc8 37. Be3 Ke7 38. a4 Ba6 39. Kd2 Kd6 40. Bc2
Be2 41. Bf5 Bxf3 0-1

[Event "46. Villa de Mislata - Open A 2012"]
[Site "Mislata ESP"]
[Date "2012.08.18"]
[Round "8.4"]
[White "Aymerich Rosell, Pablo"]
[Black "Fenollar Jorda, Manuel"]
[Result "0-1"]
[WhiteElo "2159"]
[BlackElo "2326"]
[PlyCount "130"]
[EventDate "2012.08.13"]
[EventType "tourn"]
[EventRounds "9"]
[EventCountry "ESP"]
[EventCategory "2"]
[Source "lmi"]
[SourceDate "2012.08.13"]

1. d4 d5 2. c4 c6 3. Nf3 Nf6 4. e3 e6 5. b3 Nbd7 6. Bb2 b6 7. Bd3 Bb7 8. O-O
Be7 9. Nc3 O-O 10. Qc2 h6 11. Rad1 Qc7 12. e4 dxe4 13. Nxe4 c5 14. dxc5 Nxc5
15. Bxf6 gxf6 16. Nxc5 Bxf3 17. gxf3 Bxc5 18. Qd2 Kg7 19. Kh1 Rh8 20. Rg1+ Kf8
21. Be4 Rc8 22. b4 Be7 23. b5 Rd8 24. Qc1 Qe5 25. Rxd8+ Bxd8 26. Qa3+ Qc5 27.
Qxa7 f5 28. Bc6 Rg8 29. Qd7 Rxg1+ 30. Kxg1 Bh4 31. Qd2 Bg5 32. Qc3 Kg8 33. Qd3
Bf4 34. Be8 Bd6 35. Qe3 Qxe3 36. fxe3 Bc5 37. Kf1 Bxe3 38. Ke2 Bc5 39. Bc6 Kg7
40. f4 Kf6 41. Bg2 Ke7 42. Kf3 Kd6 43. Bf1 Bg1 44. h3 Kc5 45. Kg2 Be3 46. Kf3
Bg1 47. Kg2 Bd4 48. Be2 f6 49. Bh5 Kxc4 50. Bf7 Kd5 51. Kf3 Bc3 52. Bg6 Bd2 53.
h4 h5 54. Bxh5 e5 55. Bf7+ Kd6 56. fxe5+ fxe5 57. h5 e4+ 58. Ke2 Bg5 59. Bg6
Ke5 60. a4 f4 61. a5 f3+ 62. Kf1 e3 63. Bd3 bxa5 64. b6 Kd6 65. h6 Bxh6 0-1

[Event "46. Villa de Mislata - Open A 2012"]
[Site "Mislata ESP"]
[Date "2012.08.18"]
[Round "8.5"]
[White "Jordan Arenas, Manuel"]
[Black "Diaz Velandia, Jose Manuel"]
[Result "1/2-1/2"]
[WhiteElo "2151"]
[BlackElo "2251"]
[PlyCount "66"]
[EventDate "2012.08.13"]
[EventType "tourn"]
[EventRounds "9"]
[EventCountry "ESP"]
[EventCategory "2"]
[Source "lmi"]
[SourceDate "2012.08.13"]

1. d4 d5 2. c4 e6 3. Nf3 c6 4. e3 Nf6 5. Bd3 Bd6 6. Nbd2 Nbd7 7. O-O O-O 8. e4
dxe4 9. Nxe4 Nxe4 10. Bxe4 h6 11. Bc2 e5 12. c5 Bc7 13. b4 f5 14. Nxe5 Nxe5 15.
dxe5 Bxe5 16. Qxd8 Rxd8 17. Rb1 Kf7 18. Bb2 Bxb2 19. Rxb2 Kf6 20. Rd1 Be6 21.
f4 Rxd1+ 22. Bxd1 Rd8 23. Be2 Rd4 24. g3 g5 25. fxg5+ hxg5 26. Kf2 Ke5 27. a3
Bd5 28. Ke1 f4 29. gxf4+ Rxf4 30. Rd2 Rh4 31. Bf1 Rh7 32. Kd1 Kf4 33. Kc2 Rd7
1/2-1/2

[Event "46. Villa de Mislata - Open A 2012"]
[Site "Mislata ESP"]
[Date "2012.08.18"]
[Round "8.6"]
[White "Mingo Fernandez, Matias"]
[Black "Mingarro Carceller, Sergi"]
[Result "1/2-1/2"]
[WhiteElo "2216"]
[BlackElo "2158"]
[PlyCount "24"]
[EventDate "2012.08.13"]
[EventType "tourn"]
[EventRounds "9"]
[EventCountry "ESP"]
[EventCategory "2"]
[Source "lmi"]
[SourceDate "2012.08.13"]

1. d4 e6 2. Bf4 Nf6 3. e3 c5 4. c3 Qb6 5. Qb3 d5 6. Nd2 c4 7. Qxb6 axb6 8. a3
b5 9. Rc1 Nc6 10. Be2 Be7 11. h3 O-O 12. Ngf3 Nd7 1/2-1/2

[Event "46. Villa de Mislata - Open A 2012"]
[Site "Mislata ESP"]
[Date "2012.08.18"]
[Round "8.7"]
[White "Gonzalez Aguirre, Luis"]
[Black "Sanchez Guirado, Francisco"]
[Result "1/2-1/2"]
[WhiteElo "2096"]
[BlackElo "2357"]
[PlyCount "131"]
[EventDate "2012.08.13"]
[EventType "tourn"]
[EventRounds "9"]
[EventCountry "ESP"]
[EventCategory "2"]
[Source "lmi"]
[SourceDate "2012.08.13"]

1. d4 Nf6 2. Nf3 e6 3. Bg5 h6 4. Bh4 d5 5. e3 Be7 6. c4 O-O 7. Nc3 b6 8. cxd5
Nxd5 9. Bxe7 Qxe7 10. Bd3 c5 11. O-O Bb7 12. Rc1 Nd7 13. dxc5 Nxc5 14. Nxd5
Bxd5 15. Bb1 Rfd8 16. Qe2 Bb7 17. Rfd1 Ba6 18. Qe1 Na4 19. b3 Nc5 20. Rxd8+
Rxd8 21. Rd1 Bb7 22. Rxd8+ Qxd8 23. Qd2 Qf6 24. Qd4 Bxf3 25. Qxf6 gxf6 26. gxf3
a5 27. Bc2 b5 28. a3 b4 29. axb4 axb4 30. Kg2 Kg7 31. Kg3 f5 32. Kh4 Kg6 33. f4
f6 34. Kg3 e5 35. f3 e4 36. Kf2 Kh5 37. Kg3 Kg6 38. Kf2 Kf7 39. Kg3 Ke6 40.
fxe4 fxe4 41. Kg4 f5+ 42. Kg3 Kd5 43. Kf2 Ke6 44. Kg3 Kf7 45. Bd1 Kg6 46. Bc2
Nd7 47. Bd1 Nf6 48. Be2 Kg7 49. h3 Kg6 50. Bc4 Nd7 51. Be2 Nb6 52. Kf2 Nd5 53.
Bd1 Nc3 54. Be2 Na2 55. Bc4 Nc3 56. Be2 Nd5 57. Bc4 Nb6 58. Be2 Nd7 59. Bc4 Nc5
60. Kg3 Kf6 61. Kf2 Ke7 62. Kg3 Kd6 63. Kh4 Ke7 64. Kh5 Kf6 65. Kh4 Nd3 66. Kg3
1/2-1/2

[Event "46. Villa de Mislata - Open A 2012"]
[Site "Mislata ESP"]
[Date "2012.08.18"]
[Round "8.8"]
[White "Remolar Gallen, Jose"]
[Black "Roca Galarza, Jose"]
[Result "1/2-1/2"]
[WhiteElo "2167"]
[BlackElo "2338"]
[PlyCount "108"]
[EventDate "2012.08.13"]
[EventType "tourn"]
[EventRounds "9"]
[EventCountry "ESP"]
[EventCategory "2"]
[Source "lmi"]
[SourceDate "2012.08.13"]

1. e4 d5 2. Nf3 dxe4 3. Ng5 Bf5 4. Nc3 Nf6 5. Bc4 e6 6. Qe2 Nc6 7. Bb5 Qd7 8.
Ngxe4 Nxe4 9. Nxe4 a6 10. Bxc6 Qxc6 11. d3 Bb4+ 12. Bd2 Bxd2+ 13. Kxd2 O-O-O
14. Rae1 Rd4 15. f3 Rhd8 16. Nc3 b5 17. Qe3 b4 18. Ne2 R4d5 19. g4 Bxd3 20.
cxd3 Rxd3+ 21. Qxd3 Rxd3+ 22. Kxd3 Qxf3+ 23. Kc2 Qe4+ 24. Kc1 Qxg4 25. Kb1 a5
26. Ng3 h5 27. Rhg1 g6 28. Ka1 Qh3 29. Re2 a4 30. Rc1 h4 31. Nf1 a3 32. Rec2
axb2+ 33. Kxb2 Qa3+ 34. Kb1 Qd3 35. Kb2 Qa3+ 36. Kb1 Kd8 37. Rxc7 b3 38. Rc8+
Kd7 39. axb3 Qxb3+ 40. Ka1 Qa4+ 41. Kb2 Qb5+ 42. Ka3 f5 43. Rg8 Qd3+ 44. Kb2 f4
45. Rg7+ Kd6 46. Rg8 Qb5+ 47. Kc3 Qc5+ 48. Kd2 Qd5+ 49. Ke2 Ke5 50. Nd2 Qg2+
51. Kd3 Qh3+ 52. Kc4 Qg2 53. Kd3 Qd5+ 54. Ke2 Qg2+ 1/2-1/2

[Event "46. Villa de Mislata - Open A 2012"]
[Site "Mislata ESP"]
[Date "2012.08.18"]
[Round "8.9"]
[White "Montoliu Cervero, Francisco"]
[Black "Peña Riasco, Alexander"]
[Result "1/2-1/2"]
[WhiteElo "2270"]
[BlackElo "2237"]
[PlyCount "80"]
[EventDate "2012.08.13"]
[EventType "tourn"]
[EventRounds "9"]
[EventCountry "ESP"]
[EventCategory "2"]
[Source "lmi"]
[SourceDate "2012.08.13"]

1. e4 d5 2. exd5 Qxd5 3. Nc3 Qa5 4. d4 Nf6 5. Bc4 c6 6. Bd2 Bf5 7. Nf3 e6 8.
Nd5 Qd8 9. Nxf6+ gxf6 10. c3 Rg8 11. Nh4 Bg4 12. f3 f5 13. g3 Bh3 14. Qb3 b5
15. Bf1 Bxf1 16. Rxf1 Na6 17. a4 Nc7 18. axb5 cxb5 19. Bf4 Bd6 20. Ng2 a5 21.
Kf2 a4 22. Qc2 Nd5 23. Qd3 Rb8 24. Bxd6 Qxd6 25. Rfe1 Kf8 26. Re5 Kg7 27. Ne3
Nxe3 28. Qxe3 h6 29. d5 exd5 30. Qd4 Qb6 31. Qxb6 Rxb6 32. Rxd5 Kg6 33. Rad1
Ra8 34. Rd6+ Rxd6 35. Rxd6+ f6 36. Ke3 f4+ 37. gxf4 a3 38. bxa3 Rxa3 39. Kd4
Ra4+ 40. Ke3 Rc4 1/2-1/2

[Event "46. Villa de Mislata - Open A 2012"]
[Site "Mislata ESP"]
[Date "2012.08.18"]
[Round "8.10"]
[White "Diez Fraile, David"]
[Black "Crecente Penalba, Jose Manuel"]
[Result "1-0"]
[WhiteElo "2202"]
[BlackElo "2107"]
[PlyCount "77"]
[EventDate "2012.08.13"]
[EventType "tourn"]
[EventRounds "9"]
[EventCountry "ESP"]
[EventCategory "2"]
[Source "lmi"]
[SourceDate "2012.08.13"]

1. e4 e5 2. Nf3 Nf6 3. d4 Nxe4 4. dxe5 d5 5. Bd3 Be7 6. O-O O-O 7. Nc3 Bf5 8.
Qe1 Bb4 9. a3 Bxc3 10. bxc3 Bg6 11. Rb1 Nd7 12. c4 Ndc5 13. Be3 b6 14. Bxc5
Nxc5 15. Bxg6 hxg6 16. Rd1 c6 17. cxd5 cxd5 18. c4 d4 19. Nxd4 Qc8 20. Nb5 Qf5
21. Qe3 Qc2 22. Nd6 Rad8 23. Rd4 Rd7 24. Qh3 Qb3 25. g3 g5 26. Qf5 Ne6 27. Rd5
Re7 28. Rfd1 Qxa3 29. Kg2 Qa2 30. h4 f6 31. R1d2 Qb3 32. R5d4 Qb1 33. exf6 Rxf6
34. Qd5 gxh4 35. Ne4 Rg6 36. Qf5 h3+ 37. Kh2 Nf8 38. Rd8 Rf7 39. Nf6+ 1-0

[Event "46. Villa de Mislata - Open A 2012"]
[Site "Mislata ESP"]
[Date "2012.08.19"]
[Round "9.1"]
[White "Serna Lara, Sergio"]
[Black "Picazo Lopez, Juan Antonio"]
[Result "1/2-1/2"]
[WhiteElo "2234"]
[BlackElo "2159"]
[PlyCount "27"]
[EventDate "2012.08.13"]
[EventType "tourn"]
[EventRounds "9"]
[EventCountry "ESP"]
[EventCategory "2"]
[Source "lmi"]
[SourceDate "2012.08.13"]

1. d4 d5 2. c4 c6 3. Nf3 Nf6 4. cxd5 cxd5 5. Nc3 Nc6 6. Bf4 Bf5 7. e3 e6 8. Bd3
Bxd3 9. Qxd3 Bd6 10. Bxd6 Qxd6 11. O-O O-O 12. Rfc1 Rfc8 13. Nb5 Qd7 14. h3
1/2-1/2

[Event "46. Villa de Mislata - Open A 2012"]
[Site "Mislata ESP"]
[Date "2012.08.19"]
[Round "9.2"]
[White "Fenollar Jorda, Manuel"]
[Black "Sanchez Saez, Francisco"]
[Result "0-1"]
[WhiteElo "2326"]
[BlackElo "2289"]
[PlyCount "72"]
[EventDate "2012.08.13"]
[EventType "tourn"]
[EventRounds "9"]
[EventCountry "ESP"]
[EventCategory "2"]
[Source "lmi"]
[SourceDate "2012.08.13"]

1. d4 Nf6 2. c4 g6 3. Nc3 Bg7 4. e4 d6 5. Nf3 O-O 6. Be2 e5 7. O-O Nc6 8. d5
Ne7 9. b4 Ne8 10. c5 f5 11. Ng5 h6 12. Ne6 Bxe6 13. dxe6 fxe4 14. cxd6 Nxd6 15.
Qb3 Kh7 16. Rd1 Qc8 17. b5 Nef5 18. Qd5 Nd4 19. Bg4 h5 20. e7 Qxg4 21. exf8=N+
Rxf8 22. Be3 h4 23. h3 Qf5 24. Kh2 b6 25. Rac1 Rf7 26. a4 g5 27. Rh1 g4 28.
hxg4 Qxg4 29. Kg1 Rf3 30. Kf1 N4f5 31. gxf3 Nxe3+ 32. fxe3 Qxf3+ 33. Ke1 Qxh1+
34. Kd2 Qg2+ 35. Ne2 h3 36. Qc6 Nf5 0-1

[Event "46. Villa de Mislata - Open A 2012"]
[Site "Mislata ESP"]
[Date "2012.08.19"]
[Round "9.3"]
[White "Kovacevic, Slobodan"]
[Black "Sos Andreu, Eric"]
[Result "1-0"]
[WhiteElo "2300"]
[BlackElo "2165"]
[PlyCount "129"]
[EventDate "2012.08.13"]
[EventType "tourn"]
[EventRounds "9"]
[EventCountry "ESP"]
[EventCategory "2"]
[Source "lmi"]
[SourceDate "2012.08.13"]

1. d4 Nf6 2. Nf3 c5 3. e3 cxd4 4. exd4 d5 5. h3 Nc6 6. c3 g6 7. Bf4 Bg7 8. Nbd2
O-O 9. Bd3 Bf5 10. Qe2 Qd7 11. O-O Bxd3 12. Qxd3 Qf5 13. Qe3 b5 14. Ne5 Rfc8
15. Nd3 h5 16. f3 Re8 17. Rfe1 Qc8 18. Nb3 Nd7 19. Ne5 Nb6 20. Qf2 Nc4 21. a3
N6xe5 22. Bxe5 Bh6 23. Nc5 Qf5 24. Rad1 a5 25. Nd3 Ra7 26. Bh2 Rb7 27. Kh1 Bf8
28. Re2 e6 29. Qe1 Rc8 30. Bg3 Be7 31. Bh2 Bf8 32. Be5 Rc6 33. Kg1 Qg5 34. Bf4
Qd8 35. Kh1 Rc8 36. g4 h4 37. Kg2 Be7 38. Ra1 Rc6 39. Bc1 Rcb6 40. b3 Nd6 41.
Bd2 Nc8 42. f4 Qf8 43. b4 Ra7 44. Rd1 Nd6 45. Nc5 Nc4 46. Bc1 Rb8 47. Nd3 Rba8
48. Qf2 axb4 49. axb4 Ra1 50. Rde1 R1a7 51. f5 Bd6 52. Qxh4 Ra2 53. Kh1 Rxe2
54. Rxe2 Ra1 55. Kg2 Be7 56. f6 Bxf6 57. Qxf6 Nd6 58. Bd2 Ne4 59. Qf4 Ra2 60.
Qe3 Qb8 61. Be1 Ra1 62. Nc5 Nd6 63. Bg3 Qd8 64. Nxe6 Qf6 65. Qf4 1-0

[Event "46. Villa de Mislata - Open A 2012"]
[Site "Mislata ESP"]
[Date "2012.08.19"]
[Round "9.4"]
[White "Diaz Velandia, Jose Manuel"]
[Black "Garcia Trobat, Francisco"]
[Result "0-1"]
[WhiteElo "2251"]
[BlackElo "2257"]
[PlyCount "90"]
[EventDate "2012.08.13"]
[EventType "tourn"]
[EventRounds "9"]
[EventCountry "ESP"]
[EventCategory "2"]
[Source "lmi"]
[SourceDate "2012.08.13"]

1. d4 Nf6 2. Nf3 c5 3. e3 e6 4. Bd3 b6 5. O-O Be7 6. Nbd2 Bb7 7. c3 O-O 8. b3
Nc6 9. Bb2 Rc8 10. Rc1 d6 11. Qe2 Re8 12. a3 Bf8 13. e4 d5 14. e5 Nh5 15. g3 g6
16. Nh4 Nf4 17. Qf3 Nxd3 18. Qxd3 c4 19. bxc4 dxc4 20. Qe3 Ne7 21. Ne4 Nd5 22.
Qe2 f5 23. exf6 Nxf6 24. Nxf6+ Qxf6 25. f4 Qd8 26. Nf3 Qd5 27. a4 Bg7 28. Ra1
g5 29. fxg5 e5 30. dxe5 Rxe5 31. Nxe5 Bxe5 32. Rf5 Qh1+ 33. Kf2 Qxh2+ 34. Ke3
Qxg3+ 35. Kd2 Bf4+ 36. Kc2 Be3 37. Ba3 Be4+ 38. Kb2 Bxf5 39. Re1 Bc5 40. Bxc5
bxc5 41. Qxc4+ Kh8 42. Re7 Qxg5 43. Qe2 Rb8+ 44. Ka2 Bb1+ 45. Ka1 Be4 0-1

[Event "46. Villa de Mislata - Open A 2012"]
[Site "Mislata ESP"]
[Date "2012.08.19"]
[Round "9.5"]
[White "Jordan Arenas, Manuel"]
[Black "Aymerich Rosell, Pablo"]
[Result "1-0"]
[WhiteElo "2151"]
[BlackElo "2159"]
[PlyCount "79"]
[EventDate "2012.08.13"]
[EventType "tourn"]
[EventRounds "9"]
[EventCountry "ESP"]
[EventCategory "2"]
[Source "lmi"]
[SourceDate "2012.08.13"]

1. d4 Nf6 2. c4 e6 3. Nf3 d5 4. Nc3 Bb4 5. Bg5 Nbd7 6. e3 c5 7. cxd5 exd5 8.
Be2 Qa5 9. O-O Bxc3 10. bxc3 Qxc3 11. Rc1 Qa5 12. dxc5 Qxa2 13. Bb5 O-O 14. c6
bxc6 15. Bxc6 Rb8 16. Qd4 a6 17. Ba4 Qb2 18. Qd3 Qb4 19. Bc2 Qb5 20. Qd1 Ne4
21. Nd4 Qb6 22. Bf4 Ra8 23. Nc6 Ndf6 24. Ne7+ Kh8 25. Nxd5 Qa5 26. Nxf6 Nxf6
27. Qf3 Be6 28. h3 Rac8 29. Bd3 Rxc1 30. Rxc1 Qa3 31. e4 Rd8 32. Rd1 a5 33. e5
Nd5 34. Bg5 Rc8 35. Qh5 g6 36. Qh4 Qb4 37. Be4 Nc3 38. Bh6 Nd5 39. Rxd5 Rc1+
40. Kh2 1-0

[Event "46. Villa de Mislata - Open A 2012"]
[Site "Mislata ESP"]
[Date "2012.08.19"]
[Round "9.7"]
[White "Mingarro Carceller, Sergi"]
[Black "Rubio Tent, Francisco"]
[Result "1-0"]
[WhiteElo "2158"]
[BlackElo "2104"]
[PlyCount "53"]
[EventDate "2012.08.13"]
[EventType "tourn"]
[EventRounds "9"]
[EventCountry "ESP"]
[EventCategory "2"]
[Source "lmi"]
[SourceDate "2012.08.13"]

1. e4 c6 2. d4 d5 3. e5 Bf5 4. h4 h5 5. Bg5 Qb6 6. Bd3 Bxd3 7. Qxd3 Qa6 8. Qh3
e6 9. Nc3 Ne7 10. Nge2 c5 11. dxc5 Nbc6 12. O-O-O Nxe5 13. Nf4 Ng4 14. Rhe1
Nxf2 15. Nfxd5 Rc8 16. Ne4 Nxe4 17. Rxe4 Nxd5 18. Rxd5 Bxc5 19. b4 Be7 20. Bxe7
Qxa2 21. Rc5 Kxe7 22. Qc3 Rcd8 23. Rc7+ Ke8 24. Rd4 Rf8 25. Rxd8+ Kxd8 26. Rc8+
Ke7 27. Qc5+ 1-0

[Event "46. Villa de Mislata - Open A 2012"]
[Site "Mislata ESP"]
[Date "2012.08.19"]
[Round "9.8"]
[White "Sanchez Guirado, Francisco"]
[Black "Montoliu Cervero, Francisco"]
[Result "1-0"]
[WhiteElo "2357"]
[BlackElo "2270"]
[PlyCount "73"]
[EventDate "2012.08.13"]
[EventType "tourn"]
[EventRounds "9"]
[EventCountry "ESP"]
[EventCategory "2"]
[Source "lmi"]
[SourceDate "2012.08.13"]

1. d4 d5 2. Nf3 Nf6 3. g3 c5 4. Bg2 Nc6 5. O-O Bf5 6. c4 e6 7. Nc3 h6 8. cxd5
Nxd5 9. Nh4 Nxc3 10. bxc3 Bh7 11. Qa4 Qb6 12. d5 exd5 13. Bxd5 Rc8 14. Rd1 Be7
15. Qg4 O-O 16. Nf5 Bxf5 17. Qxf5 Bf6 18. Be4 Rfd8 19. Bxh6 Bxc3 20. Qh7+ Kf8
21. Bg5 f6 22. Qh8+ Kf7 23. Qh5+ Kf8 24. Be3 Ne7 25. Rxd8+ Qxd8 26. Rc1 Bd4 27.
Bxb7 Bxe3 28. fxe3 Qd2 29. Rc4 Qxe3+ 30. Kg2 Rc7 31. Qh8+ Kf7 32. Re4 Qd2 33.
Ba6 Qc2 34. Bc4+ Kg6 35. Rg4+ Kf5 36. Qh5+ g5 37. Bd3+ 1-0

[Event "46. Villa de Mislata - Open A 2012"]
[Site "Mislata ESP"]
[Date "2012.08.19"]
[Round "9.10"]
[White "Peña Riasco, Alexander"]
[Black "Remolar Gallen, Jose"]
[Result "0-1"]
[WhiteElo "2237"]
[BlackElo "2167"]
[PlyCount "116"]
[EventDate "2012.08.13"]
[EventType "tourn"]
[EventRounds "9"]
[EventCountry "ESP"]
[EventCategory "2"]
[Source "lmi"]
[SourceDate "2012.08.13"]

1. e4 e5 2. Nf3 Nc6 3. Bc4 Bc5 4. c3 Nf6 5. b4 Bb6 6. d3 d6 7. a4 a6 8. a5 Ba7
9. O-O O-O 10. Nbd2 Be6 11. Re1 Re8 12. Nf1 d5 13. exd5 Bxd5 14. Bg5 Re6 15.
Ng3 h6 16. Bxf6 Rxf6 17. Ne4 Re6 18. Qb3 Ne7 19. b5 axb5 20. Qxb5 Bc6 21. Qb3
Nd5 22. a6 bxa6 23. Rxa6 Bb6 24. Rxa8 Bxa8 25. Ng3 Qd6 26. Nf5 Qc5 27. d4 exd4
28. cxd4 Rxe1+ 29. Nxe1 Qb4 30. Nf3 Qxb3 31. Bxb3 Nf4 32. Ne5 Ne2+ 33. Kf1 Nxd4
34. Nxd4 Bxd4 35. Nxf7 Kf8 36. Nd8 Ke7 37. Ne6 c5 38. f3 Kd6 39. Ke2 Bd5 40.
Bxd5 Kxd5 41. Nf4+ Kc4 42. Ne6 Kc3 43. f4 c4 44. g4 Bg1 45. h4 Kb2 46. f5 c3
47. Nf4 c2 48. Nd3+ Kc3 49. g5 Bd4 50. gxh6 gxh6 51. Nc1 Bf6 52. Kf3 Bxh4 53.
Ne2+ Kd3 54. Nc1+ Kd2 55. Nb3+ Kc3 56. Nc1 Bg5 57. Na2+ Kd3 58. Kf2 h5 0-1

[Event "46. Villa de Mislata - Open A 2012"]
[Site "Mislata ESP"]
[Date "2012.08.19"]
[Round "9.11"]
[White "Gimenez Menchon, Cesar"]
[Black "Gonzalez Aguirre, Luis"]
[Result "0-1"]
[WhiteElo "2029"]
[BlackElo "2096"]
[PlyCount "106"]
[EventDate "2012.08.13"]
[EventType "tourn"]
[EventRounds "9"]
[EventCountry "ESP"]
[EventCategory "2"]
[Source "lmi"]
[SourceDate "2012.08.13"]

1. d4 Nf6 2. Nf3 d5 3. Bf4 c5 4. e3 Nc6 5. c3 Qb6 6. Qb3 c4 7. Qxb6 axb6 8. Na3
Ra5 9. Bc7 e6 10. Nc2 Kd7 11. Bg3 Ne4 12. Nd2 Nxg3 13. hxg3 b5 14. b4 Ra4 15.
a3 f6 16. e4 Kc7 17. Be2 Bd7 18. O-O Bd6 19. Ne3 Ne7 20. f4 dxe4 21. Bd1 Ra6
22. Nxe4 Rha8 23. Nxd6 Kxd6 24. Bf3 Rxa3 25. Rxa3 Rxa3 26. Rc1 Bc6 27. Be2 Ra2
28. Kf1 Be4 29. Re1 Nf5 30. Nxf5+ exf5 31. Bf3 Bd3+ 32. Kg1 Rc2 33. Bxb7 Rxc3
34. Re8 Rc1+ 35. Kh2 c3 36. Rc8 Bc4 37. d5 c2 38. Rc6+ Kd7 39. Bc8+ Kd8 40. Be6
g6 41. Rc8+ Ke7 42. Rc7+ Kf8 43. Rc8+ Kg7 44. Rc7+ Kh6 45. Bg8 g5 46. Bxh7 gxf4
47. Bxf5 Rh1+ 48. Kxh1 c1=Q+ 49. Kh2 fxg3+ 50. Kh3 Kg5 51. Be4 Qh1+ 52. Kxg3
Qh4+ 53. Kf3 Qf4# 0-1